000 00758aas a2200217 4500
999 _c3768
_d3768
003 BR-BrBNA
005 20230317233909.0
007 ta
008 230119b bl ||||| |||| 00| 0 por d
035 _a000485-5
040 _aBR-BrBNA
_bPor
_cBR-BrBNA
042 _a072152-2
044 _abl
245 _aSérie Relatórios - Empresa de Assistência Técnica e Extensão Rural do Estado do Espírito Santo (Brazil)
260 _aVitória-ES
_bEmpresa de Assistência Técnica e Extensão Rural do Estado do Espírito Santo
_c1978
_eBES
270 _aRua Afonso Sarlo, 160 - Bento Freire - Caixa Postal, 644 - Cep: 29.000
310 _airregular
505 _a1978 (1-2); 1980 (4); 1981 (5-6); 1983 (7); 1989 (10);
909 _a56
_bSergio Santos
_c56
_dSergio Santos
942 _cCR
_2AGRIS